000 00599nam a2200241Ia 4500
003 OSt
005 20221005133507.0
006 a|||||r|||| 00| 0
007 ta
008 221004b |||||||| |||| 00| 0 tam d
024 _a50660
037 _cTextual
040 _aCRL
_cCRL
_btam
041 _2tam
_atam
082 _aO31,3NRAJ4,3, M3
100 _aRajagopalan Nimal
_9642508
245 0 _aYattangal
260 _c1983
300 _a192p.
_ccm.
650 _aTAMIL FICTION
942 _hO31,3NRAJ4,3, M3
_cTEXL
_2cc
999 _c1066994
_d1066994